000
002450000a22000970004500
100
1
_a
Ortiz, Loida A.
245
1
0
_a
Más allá de la tinta
300
_a
Vol. 50, Núm 220 (1995), Páginas 8-10
773
0
_t
La Biblia de las Américas
942
_c
ANA
999
_c
51402
_d
51402